¡De panzazo! /

Salvato in:
Dettagli Bibliografici
Autore principale: Rulfo, Juan Carlos (realización)
Altri autori: Loret de Mola, Carlos (guión) (guión), Gutiérrez Vega, Mario (guión) (guión), Gutiérrez Vega, Mario (investigación) (investigación), Rulfo, Juan Carlos (fotógrafo) (fotógrafo), Gómez, Felipe (montaje) (montaje), Rulfo, Juan Carlos (montaje) (montaje), Uc, Martha (montaje) (montaje), Heiblum, Leonardo (música) (música), Lieberman, Jacobo (música) (música), Trino (realización) (realización), Trino (animación) (animación)
Natura: Videodisco
Lingua:spagnolo
Pubblicazione: México : Mexicanos Primero, 2011, c2011
Soggetti:
Tags: Aggiungi Tag
Nessun Tag, puoi essere il primo ad aggiungerne!!

MARC

LEADER 00000ngm^a2200000^a^4500
001 000324652
005 20251020000000.0
009 20260310113715.686
037 |a Acervo ITESO - Biblioteca 
041 |a ESP 
082 |a 379. 72  |b RUL 
100 |a Rulfo, Juan Carlos  |e (realización) 
245 1 0 |a ¡De panzazo! /  |c Realización de J.C. Rulfo, C. Loret de Mola. 
264 4 |a México :  |b Mexicanos Primero,  |c 2011, c2011 
264 2 |a México :  |b En Pantalla Producciones Internacionales [distribución],  |c copyright fecha no identificada 
300 |a 1 DVD multirregión  |c (77, 2, 1, 1 min.) +  |e 1 lámina 
336 |a imagen móvil bidimensional  |b tdi  |2 rdacontenido 
337 |a video  |b v  |2 rdamedio 
338 |a videodisco  |b vd  |2 rdasoporte 
649 |a XX 
650 |a Documentales 
650 |a Cine de Animación 
650 |a Cortometrajes y Mediometrajes Jaliscienses 
650 |a Cortometrajes y Mediometrajes Mexicanos 
650 |a Cine Jalisciense -  |y 2010-2019 
650 |a Cine Jalisciense -  |y Siglo XXI 
650 |a Cine Mexicano -  |y 2010-2019 
650 |a Cine Mexicano -  |y Siglo XXI 
650 |a Sindicalismo -  |z México 
650 |a Administración Educativa -  |z México 
650 |a Educación Primaria -  |z México 
650 |a Educación Media Básica -  |z México 
650 |a Educación Pública -  |z México 
650 |a Educación y Estado -  |z México 
650 |a Educación y Política -  |z México -  |x Tema Principal 
650 |a Educación y Desarrollo -  |z México 
650 |a Educación y Sociedad -  |z México 
650 |a Educación -  |z México -  |x Historia -  |y 2006-2012 
650 |a Educación -  |z México -  |x Historia -  |y Siglo XXI 
740 0 |a Ser maestro en México /  |c Realización de Trino. 
740 3 |a La calidad educativa en México___ al paso que vamos /  |c Realización de Trino. 
740 0 |a ¿Cómo estamos en educación a nivel mundial? /  |c Realización de Trino. 
700 |a Loret de Mola, Carlos  |e (guión) 
700 |a Gutiérrez Vega, Mario  |e (guión) 
700 |a Gutiérrez Vega, Mario  |e (investigación) 
700 |a Rulfo, Juan Carlos  |e (fotógrafo) 
700 |a Gómez, Felipe  |e (montaje) 
700 |a Rulfo, Juan Carlos  |e (montaje) 
700 |a Uc, Martha  |e (montaje) 
700 |a Heiblum, Leonardo  |e (música) 
700 |a Lieberman, Jacobo  |e (música) 
700 |a Trino  |e (realización) 
700 |a Trino  |e (animación) 
910 |a Fondo General 
920 |a Audiovisuales - DVDs 
940 |a Películas 
905 |a 302 
901 |a 0900108628  |b IT2  |c DVS  |i C133354  |u 20250521 
901 |a 0500097544  |b IT2  |c MIN  |u 20251020 
902 |a https://opac.biblio.iteso.mx/vufind/Record/000324652